Family practice guidelines / (رقم التسجيلة. 77372)
[ عرض عادي ]
| 000 -الفاتح | |
|---|---|
| حقل البيانات ثابتة الطول | 02506cam a2200445 i 4500 |
| 001 - رقم الضبط | |
| رقم الضبط | 957748127 |
| 003 - محدد رقم الضبط | |
| رقم الضبط | OCoLC |
| 005 - وقت وتاريخ اخر تعامل مع التسجيلة | |
| رقم الضبط | 20191122184208.0 |
| 008 - عناصر البيانات ثابتة الطول - معلومات عامة | |
| حقل البيانات ثابتة الطول | 161021s2017 nyua bf 001 0 eng |
| 020 ## - الرقم الدولى المعيارى للكتب | |
| الرقم الدولى المعيارى للكتاب | 9780826177117 |
| Qualifying information | (paper back) |
| 020 ## - الرقم الدولى المعيارى للكتب | |
| الرقم الدولى المعيارى للكتاب | 0826177115 |
| 020 ## - الرقم الدولى المعيارى للكتب | |
| الرقم الدولى المعيارى للكتاب الملغى /الخاطئ | 9780826177124 (e-book) |
| 020 ## - الرقم الدولى المعيارى للكتب | |
| الرقم الدولى المعيارى للكتاب الملغى /الخاطئ | 9780826177131 (patient teaching guide) |
| 020 ## - الرقم الدولى المعيارى للكتب | |
| الرقم الدولى المعيارى للكتاب | 0826153410 |
| 020 ## - الرقم الدولى المعيارى للكتب | |
| الرقم الدولى المعيارى للكتاب | 9780826153418 |
| 035 ## - رقم ضبط النظام | |
| رقم ضبط النظام | (OCoLC)957748127 |
| رقم الضبط الملغى والمتاح | (OCoLC)957681788 |
| 040 ## - مصدر الفهرسة | |
| وكالة الفهرسة الأصلية | NLM |
| لغة الفهرسة | eng |
| قواعد الوصف | rda |
| وكالة النسخ | NLM |
| وكالة التعديل | BTCTA |
| -- | BDX |
| -- | YDX |
| -- | NLM |
| -- | VAM |
| -- | VET |
| -- | DLC |
| -- | SAV |
| -- | OCLCF |
| -- | OCLCO |
| -- | OCLCA |
| -- | MNE |
| -- | VET |
| -- | UKMGB |
| -- | OCLCO |
| -- | OCLCA |
| -- | CIN |
| 050 00 - رقم طلب مكتبة الكونجرس | |
| رقم التصنيف | RT120.F34 |
| رقم المادة | F357 2017 |
| 060 00 - رقم الطلب بالمكتبة الطبية الوطنية | |
| رقم التصنيف | 2017 C-692 |
| 060 10 - رقم الطلب بالمكتبة الطبية الوطنية | |
| رقم التصنيف | WY 49 |
| 082 00 - رقم تصنيف ديوى العشرى | |
| رقم التصنيف | 610.73 |
| رقم الطبعة | 23 |
| رقم المادة | FAP |
| 245 00 - بيان العنوان | |
| العنوان | Family practice guidelines / |
| بيان المسئوليه,etc | Jill C. Cash, Cheryl A. Glass, editors |
| 250 ## - بيان الطبعة | |
| بيان الطبعة | Fourth edition |
| 264 #1 - النشر, التوزيع, ETC. (IMPRINT) | |
| مكان الناشر او الموزع RDA | New York : |
| اسم الناشر او الموزع RDA | Springer Publishing Company, LLC, |
| تاريخ النشر أو التوزيع | [2017] |
| 300 ## - الوصف المادى | |
| التعداد | xviii, 997 pages : |
| تفاصيل ماديه اخرى للوعاء | illustrations |
| 504 ## - تبصرة ببليوجرافية | |
| تبصرة ببليوجرافية,الخ | Includes bibliographical references and index |
| 505 00 - تبصرة محتويات-الفهرس | |
| العنوان | Health maintenance guidelines / |
| -- | Public health guidelines / |
| -- | Pain management guidelines / |
| -- | Dermatology guidelines / |
| -- | Eye guidelines / |
| -- | Ear guidelines / |
| -- | Nasal guidelines / |
| -- | Throat and mouth guidelines / |
| -- | Respiratory guidelines / |
| -- | Cardiovascular guidelines / |
| -- | Gastrointestinal guidelines / |
| -- | Genitourinary guidelines / |
| -- | Obstetrics guidelines / |
| -- | Gynecologic guidelines / |
| -- | Sexually transmitted infections guidelines / |
| -- | Infectious disease guidelines / |
| -- | Systemic disorders guidelines / |
| -- | Musculoskeletal guidelines / |
| -- | Neurologic guidelines / |
| -- | Endocrine guidelines / |
| -- | Rheumatological guidelines / |
| -- | Psychiatric guidelines / |
| 650 #0 - المدخل الاضافى بالموضوع-مصطلح موضوعى | |
| مصطلح موضوعي أو اسم جغرافي كعنصر مدخل | Family nursing |
| التقسيم الفرعي الشكلي | Handbooks, manuals, etc |
| 650 12 - المدخل الاضافى بالموضوع-مصطلح موضوعى | |
| مصطلح موضوعي أو اسم جغرافي كعنصر مدخل | Family Practice |
| التقسيم الفرعي العام | methods. |
| 650 12 - المدخل الاضافى بالموضوع-مصطلح موضوعى | |
| مصطلح موضوعي أو اسم جغرافي كعنصر مدخل | Primary Nursing |
| التقسيم الفرعي العام | methods. |
| 650 22 - المدخل الاضافى بالموضوع-مصطلح موضوعى | |
| مصطلح موضوعي أو اسم جغرافي كعنصر مدخل | Diagnostic Techniques and Procedures. |
| 650 22 - المدخل الاضافى بالموضوع-مصطلح موضوعى | |
| مصطلح موضوعي أو اسم جغرافي كعنصر مدخل | Nurse Practitioners. |
| 650 22 - المدخل الاضافى بالموضوع-مصطلح موضوعى | |
| مصطلح موضوعي أو اسم جغرافي كعنصر مدخل | Physician Assistants. |
| 700 1# - المدخل الاضافى - اسم شخصى | |
| الإسم الشخصى | Cash, Jill C., |
| الدور | editor |
| 700 1# - المدخل الاضافى - اسم شخصى | |
| الإسم الشخصى | Glass, Cheryl A. |
| الدور | editor |
| 952 ## - LOCATION AND ITEM INFORMATION (KOHA) | |
| نوع المادة فى نظام كوها | كتاب |
| 952 ## - LOCATION AND ITEM INFORMATION (KOHA) | |
| نوع المادة فى نظام كوها | كتاب |
| 952 ## - LOCATION AND ITEM INFORMATION (KOHA) | |
| نوع المادة فى نظام كوها | كتاب |
| 952 ## - LOCATION AND ITEM INFORMATION (KOHA) | |
| نوع المادة فى نظام كوها | كتاب |
| 952 ## - LOCATION AND ITEM INFORMATION (KOHA) | |
| نوع المادة فى نظام كوها | كتاب |
| 520 ## - التبصرة الخاصة بالتعليق أو التلخيص | |
| ملخص,الخ | "Concise and clearly organized, the resource features detailed, step-by-step instructions for physical examinations and diagnostic testing in the outpatient setting, information on health promotion, care guidelines, dietary information, information on culturally responsive care, patient resources, and abundant patient education handouts"-- |
| 655 #7 - مصطلح تكشيفى-نوع/شكل | |
| بيانات النوع/ الشكل أو المصطلح الأساسي | Handbooks and manuals. |
| مصدر المصطلح | fast |
| 9 (RLIN) | 75529 |
| 655 #2 - مصطلح تكشيفى-نوع/شكل | |
| بيانات النوع/ الشكل أو المصطلح الأساسي | Handbook. |
| 9 (RLIN) | 75530 |
| 942 ## - | |
| -- | ddc |
| -- | BOOK |
| حالة الفقد | نموذج السعر الفعال | حالة تلف | ليس للاعارة | تاريخ الاكتساب | رقم الطلب | تاريخ الاكتساب | الموقع الحالي | الباركود | الفرع الرئيسي | Date last seen | مصدر التصنيف او خطة الترفيف | Total Checkouts |
|---|---|---|---|---|---|---|---|---|---|---|---|---|
| 2019-11-22 | 2019-11-22 | 610.73 FAP | 2019-11-22 | AMF | 00158672 | مكتبة كلية العلوم الطبية التطبيقية بالمجمعة - طالبات (AMF) | 2019-11-22 | Dewey Decimal Classification | ||||
| 2019-11-22 | 2019-11-22 | 610.73 FAP | 2019-11-22 | AMF | 00158673 | مكتبة كلية العلوم الطبية التطبيقية بالمجمعة - طالبات (AMF) | 2019-11-22 | Dewey Decimal Classification | ||||
| 2019-11-22 | 2019-11-22 | 610.73 FAP | 2019-11-22 | CL | 00158669 | المكتبة المركزية بالمجمعة (CL) | 2019-11-22 | Dewey Decimal Classification | ||||
| 2019-11-22 | 2019-11-22 | 610.73 FAP | 2019-11-22 | CL | 00158670 | المكتبة المركزية بالمجمعة (CL) | 2019-11-22 | Dewey Decimal Classification | ||||
| 2019-11-22 | 2019-11-22 | 610.73 FAP | 2019-11-22 | CL | 00158671 | المكتبة المركزية بالمجمعة (CL) | 2019-11-22 | Dewey Decimal Classification |
